| 000 | 00435nam a2200181Ia 4500 | ||
|---|---|---|---|
| 008 | 230524s9999 xx 000 0 und d | ||
| 020 | _a9789350142813 | ||
| 082 | _bSHA | ||
| 100 | _a"Sharma, P.C" | ||
| 245 | 2 | _aA Textbook of Machine Design | |
| 250 | _a12 | ||
| 260 |
_aNew Delhi _bS.K. Kataria _c2012 |
||
| 300 | _a1062p. | ||
| 500 | _aQuantity Number: 42 | ||
| 650 | _aMechanics | ||
| 700 | _a"Aggarwal, D.K" | ||
| 942 | _cBK | ||
| 999 |
_c53428 _d53428 |
||